[Event "DSOL 08 Liga Gr-D 1st"]
[Site "Playchess.com INT"]
[Date "2020.07.15"]
[Round "4.4"]
[White "Stenzel, Florian"]
[Black "Malan, Cornelius"]
[Result "1-0"]
[WhiteElo "1126"]
[BlackElo "1397"]
[PlyCount "55"]
[EventDate "2020.06.22"]
[EventType "team-tourn (rapid)"]
[EventCountry "GER"]
[SourceTitle "EXT 2021"]
[Source "ChessBase"]
[SourceDate "2020.10.23"]
[SourceVersion "1"]
[SourceVersionDate "2020.10.23"]
[SourceQuality "1"]
[WhiteTeam "Niederkassel II"]
[BlackTeam "Kastellaun II"]
[WhiteTeamCountry "GER"]
[BlackTeamCountry "GER"]

1. e4 e5 2. Nf3 Nc6 3. Nc3 Bb4 4. Nd5 Bc5 5. Nxe5 Nxe5 6. d4 c6 7. Ne3 Qa5+ 8. Bd2 Bb4 9. dxe5 Bxd2+ 10. Qxd2 Qxe5 11. 0-0-0 Qxe4 12. Nc4 Nf6 13. Nd6+ Kd8 14. Nxe4 Nxe4 15. Qd4 Re8 16. Re1 c5 17. Qxg7 d5 18. Qxf7 Be6 19. Qxb7 Rc8 20. Bb5 Re7 21. Qa6 c4 22. Rhf1 Nc5 23. Qd6+ Rd7 24. Bxd7 Bxd7 25. Re2 Rc6 26. Qxd5 Nd3+ 27. Kb1 Nf4 28. Qg5+ 1-0